| 000 | 00401nam a22001697a 4500 | ||
|---|---|---|---|
| 005 | 20260508122349.0 | ||
| 008 | 160521b xxu||||| |||| 00| 0 eng d | ||
| 020 | _a81-8054-666-6 | ||
| 041 | _aeng | ||
| 082 | _a658.4034 | ||
| 100 |
_aU.K.Kapoor _9962 |
||
| 245 | _aOperations Research | ||
| 260 |
_aNew Delhi _bSultan Chand & Sons, _c2008 |
||
| 300 | _a17.66 | ||
| 650 | _aManagement | ||
| 942 | _cBK | ||
| 999 |
_c1311 _d1311 |
||